000 00317nam a2200133Ia 4500
008 191201s2011 xx 000 0 und d
100 _aPFLEEGER, Charles P
245 0 _aSecurity in Computing
250 _aIMP 5th
260 _aNew Delhi
_bPearson
_c2011
300 _a868
650 _aM.Tech(CSE)
942 _2ddc
_cBK
999 _c5977
_d5977